Movies of 1989 Quiz Stats

 Plays Quiz Updated Apr 30, 2018

Score 0/16 Timer 06:00
5 Plays Today
Picture Movie % Correct
The Little Mermaid
96.4%
Batman
95.7%
Driving Miss Daisy
87.8%
Honey, I Shrunk the Kids
87.5%
Field of Dreams
86.1%
Dead Poets Society
82.6%
When Harry Met Sally...
81.1%
Bill & Ted's Excellent Adventure
77.3%
Picture Movie % Correct
Indiana Jones and the Last Crusade
75.7%
Christmas Vacation
70.7%
Weekend at Bernie's
65.1%
All Dogs Go to Heaven
53.3%
Born on the Fourth of July
53.1%
The Abyss
36.6%
Sex, Lies, and Videotape
33.9%
Do the Right Thing
33.5%

You're not logged in!

Compare scores with friends on all Sporcle quizzes.
OR
Log In

Sporcle TV

Today on Sporcle TV


Watch our educational content, quiz creation guides, and fun videos on Sporcle TV.

Show Comments

Extras

Top Quizzes Today


Score Distribution

Your Account Isn't Verified!

In order to create a playlist on Sporcle, you need to verify the email address you used during registration. Go to your Sporcle Settings to finish the process.

Report this User

Report this user for behavior that violates our Community Guidelines.

Details: